[Event "Lichtenrader Herbst"]
[Site "Berlin, Germany"]
[Date "2018.11.02"]
[Round "7.3"]
[White "Florstedt, Johannes"]
[Black "Kurayan, Ruslan"]
[Result "0-1"]
[WhiteElo "2310"]
[BlackElo "2385"]
[PlyCount "78"]
[EventDate "2018.??.??"]

1. e4 c5 2. Nf3 d6 3. d4 Nf6 4. Nc3 cxd4 5. Nxd4 g6 6. Be3 Bg7 7. f3 O-O 8. Qd2
Nc6 9. O-O-O d5 10. exd5 Nxd5 11. Nxc6 bxc6 12. Bd4 Nxc3 13. Qxc3 Bh6+ 14. Be3
Bxe3+ 15. Qxe3 Qb6 16. Re1 Be6 17. h4 Rfd8 18. h5 Rab8 19. b3 Qxe3+ 20. Rxe3 c5
21. Bd3 Rd6 22. Re5 Rc8 23. Rh4 Rc7 24. Kb2 Kg7 25. h6+ Kf6 26. f4 c4 27. Be4
c3+ 28. Kc1 Rd4 29. Bd3 Bf5 30. Bxf5 Rxf4 31. Rxf4 Kxe5 32. Rf3 gxf5 33. Rg3
Kf4 34. Rg7 e5 35. Rxh7 Rc6 36. Kd1 Ke3 37. Rg7 Kf2 38. Rg5 Rd6+ 39. Kc1 Ke2
0-1

[Event "Lichtenrader Herbst"]
[Site "Berlin, Germany"]
[Date "2018.11.02"]
[Round "7.4"]
[White "Stets, Dmitry"]
[Black "Glantz, Robert"]
[Result "1/2-1/2"]
[WhiteElo "2373"]
[BlackElo "2285"]
[PlyCount "80"]
[EventDate "2018.??.??"]

1. e4 c5 2. Nc3 Nc6 3. Nge2 e6 4. d4 cxd4 5. Nxd4 Qc7 6. Be3 a6 7. Qf3 Bd6 8.
O-O-O Be5 9. g3 Nge7 10. Qe2 b5 11. f4 Bxd4 12. Bxd4 Nxd4 13. Rxd4 Rb8 14. e5
O-O 15. Bg2 f6 16. exf6 gxf6 17. Rhd1 b4 18. Ne4 d5 19. Nd2 Kh8 20. Nf3 a5 21.
Kb1 a4 22. Qd2 Qc5 23. Rd3 Nf5 24. g4 Nd6 25. Qe3 Qxe3 26. Rxe3 Ne4 27. h3 Rb6
28. a3 Ba6 29. axb4 Rxb4 30. Rd4 Bc4 31. c3 Rb6 32. Nd2 Nxd2+ 33. Rxd2 Rfb8 34.
Bf3 Kg7 35. Bd1 a3 36. b4 Rd6 37. Be2 Bb3 38. Bd1 Bc4 39. Be2 Bb3 40. Bd1 Bc4
1/2-1/2

[Event "Lichtenrader Herbst"]
[Site "Berlin"]
[Date "2018.11.02"]
[Round "7.5"]
[White "Shishkin, Vadim"]
[Black "Brustkern, Juergen"]
[Result "1/2-1/2"]
[WhiteElo "2453"]
[BlackElo "2203"]
[PlyCount "60"]
[EventDate "2018.??.??"]
[BlackTeam "SK Zehlendorf e.V."]

1. d4 e6 2. c4 f5 3. g3 Nf6 4. Bg2 Be7 5. Nf3 O-O 6. O-O d6 7. b3 a5 8. Bb2 Qe8
9. Nc3 Ne4 10. Nxe4 fxe4 11. Ne1 d5 12. f3 exf3 13. exf3 a4 14. Nd3 dxc4 15.
bxc4 a3 16. Bc3 Qa4 17. Qb3 Rd8 18. f4 Nc6 19. Bxc6 Qxc6 20. Ne5 Qe8 21. Rae1
Ra6 22. Qc2 b5 23. c5 Bb7 24. h4 Bf6 25. Kh2 Rd5 26. Nf3 Qd7 27. g4 g6 28. Kg3
b4 29. Bxb4 Bxd4 30. Nxd4 Rxd4 1/2-1/2

[Event "Lichtenrader Herbst"]
[Site "Berlin"]
[Date "2018.11.02"]
[Round "7.6"]
[White "Bruedigam, Martin"]
[Black "Schnabel, Ralf"]
[Result "1-0"]
[WhiteElo "2392"]
[BlackElo "2202"]
[PlyCount "129"]
[EventDate "2018.??.??"]
[WhiteTeam "SK König Tegel 1949 e.V."]
[BlackTeam "ESV Nickelhütte Aue"]

1. e4 c5 2. Nf3 e6 3. g3 Nc6 4. Bg2 Nf6 5. Nc3 d6 6. d4 cxd4 7. Nxd4 Bd7 8. O-O
Be7 9. Ndb5 Qb8 10. Bf4 Ne5 11. Bg5 a6 12. Bxf6 gxf6 13. Nd4 Qa7 14. Nce2 Rc8
15. c3 b5 16. Rc1 a5 17. a3 Qb6 18. Nf4 O-O 19. Bh3 b4 20. axb4 axb4 21. Nd5
Qd8 22. Nxb4 Kh8 23. Bg2 Qb6 24. Ra1 Ra8 25. Qe2 Rfc8 26. Rxa8 Rxa8 27. Kh1 Rc8
28. Rd1 Ba4 29. Ra1 Be8 30. Ra6 Qb7 31. Ra1 Qb6 32. Ra6 Qb7 33. f4 Nc4 34. Ra1
Qb6 35. Rd1 Qc5 36. Nd3 Qb6 37. Nb4 Qc5 38. h3 Bd7 39. Nd3 Qb6 40. Nb4 Qc5 41.
Nd3 Qb6 42. Ra1 Be8 43. Kh2 Bd7 44. Ra2 Be8 45. e5 dxe5 46. fxe5 f5 47. Ra8 Bd7
48. Rxc8+ Bxc8 49. Qh5 Kg7 50. Nc6 Bb7 51. Nxe7 Bxg2 52. Qg5+ Kf8 53. Kxg2 Qb7+
54. Kf2 Nxb2 55. Nxf5 exf5 56. Qd8+ Kg7 57. Qf6+ Kg8 58. Qg5+ Kf8 59. Qxf5 Nd1+
60. Kg1 Nxc3 61. Qf2 Qe4 62. Qc5+ Kg8 63. Qc8+ Kg7 64. Qxc3 Qe3+ 65. Kg2 1-0

[Event "Lichtenrader Herbst"]
[Site "Berlin"]
[Date "2018.11.02"]
[Round "7.7"]
[White "Lachmann, Utz"]
[Black "Biriukov, Nikolai"]
[Result "0-1"]
[WhiteElo "2191"]
[BlackElo "2363"]
[PlyCount "112"]
[EventDate "2018.??.??"]
[WhiteTeam "SF Berlin 1903 e.V."]
[BlackTeam "Bahn-SC Wuppertal"]

1. e4 c5 2. Nf3 a6 3. c3 d5 4. exd5 Qxd5 5. d4 e6 6. Be2 Nf6 7. O-O cxd4 8.
cxd4 Nc6 9. Nc3 Qd6 10. Bg5 Be7 11. Qd2 O-O 12. Rfd1 Nd5 13. Rac1 Rd8 14. Ne4
Qb4 15. Qc2 h6 16. a3 Qb6 17. Bxe7 Ndxe7 18. b4 Qa7 19. Qc5 Rd5 20. Qxa7 Rxa7
21. Nc3 Rd8 22. b5 axb5 23. Nxb5 Ra4 24. Bc4 Na5 25. Ba2 Bd7 26. Nc3 Rxa3 27.
d5 exd5 28. Bxd5 Kf8 29. h3 Be8 30. Nb1 Ra4 31. Nc3 Nxd5 32. Nxd5 Bc6 33. Nb6
Rxd1+ 34. Rxd1 Bxf3 35. gxf3 Rb4 36. Nd5 Rb3 37. Rc1 Nc6 38. Ra1 g6 39. Kg2 Nd4
40. Ne3 h5 41. Ra4 Nc6 42. f4 Kg7 43. Kf3 Rc3 44. Ke4 b5 45. Ra2 b4 46. Rb2 b3
47. h4 Na5 48. Kd4 Rc1 49. f5 Kf6 50. fxg6 fxg6 51. f3 Ke6 52. Rg2 Kd7 53. f4
Kc6 54. Rxg6+ Kb5 55. Rg8 Nc6+ 56. Kd3 b2 0-1

[Event "Lichtenrader Herbst"]
[Site "Berlin"]
[Date "2018.11.02"]
[Round "7.8"]
[White "Baum, Jonasz"]
[Black "Cusnariov, Nikolai"]
[Result "1-0"]
[WhiteElo "2273"]
[BlackElo "2165"]
[PlyCount "105"]
[EventDate "2018.??.??"]
[BlackTeam "USV Potsdam e.V., Abt. Schach"]

1. e4 e6 2. d4 d5 3. e5 c5 4. c3 Nc6 5. Nf3 Qb6 6. Na3 cxd4 7. cxd4 Bd7 8. Nc2
Rc8 9. Be2 Nb4 10. Ne3 Bb5 11. O-O Bxe2 12. Qxe2 Ne7 13. b3 Ng6 14. g3 Be7 15.
h4 Qa6 16. Qxa6 Nxa6 17. h5 Nf8 18. h6 gxh6 19. Bd2 h5 20. Rac1 Rxc1 21. Rxc1
Kd7 22. Kg2 Ng6 23. Rh1 h4 24. Nxh4 Nxh4+ 25. gxh4 Rg8+ 26. Kf3 h5 27. Ng2 Rg4
28. Nf4 Rxh4 29. Rxh4 Bxh4 30. Nxh5 Nb8 31. Ke3 Nc6 32. f4 Be7 33. Bc3 Nb4 34.
Bxb4 Bxb4 35. f5 Ba3 36. f6 Bc1+ 37. Kd3 Bb2 38. Nf4 Bc1 39. Ne2 Bb2 40. b4 a5
41. bxa5 Kc6 42. Kc2 Ba3 43. Kb3 Bf8 44. Ka4 Bh6 45. Nc3 Be3 46. Nb5 Bf2 47.
Nd6 Bxd4 48. Nxf7 Kd7 49. Kb5 Bb2 50. Nd6 Bxe5 51. Nxb7 Bxf6 52. Nc5+ Kc8 53.
a6 1-0

[Event "Lichtenrader Herbst"]
[Site "Berlin"]
[Date "2018.11.02"]
[Round "7.9"]
[White "Roehr, Tobias"]
[Black "Schmuecker, Marcus"]
[Result "1/2-1/2"]
[WhiteElo "2190"]
[BlackElo "2271"]
[PlyCount "156"]
[EventDate "2018.??.??"]
[WhiteTeam "SG Aufbau Elbe Magdeburg"]
[BlackTeam "SV Hemer 1932"]

1. d4 Nf6 2. c4 e6 3. Nf3 b6 4. g3 c6 5. Bg2 Be7 6. O-O O-O 7. Qc2 d5 8. Ne5
Bb7 9. Rd1 Nbd7 10. Nc3 Nxe5 11. dxe5 Nd7 12. cxd5 cxd5 13. e4 d4 14. Rxd4 Qc7
15. Bf4 Rfd8 16. Rc1 Nxe5 17. Qd1 Rxd4 18. Qxd4 Bf6 19. Nb5 Qb8 20. Qc3 g5 21.
Nc7 gxf4 22. gxf4 Nd7 23. Qg3+ Bg7 24. f5 e5 25. Nxa8 Bxa8 26. Rd1 Nf6 27. h4
Bc6 28. Qd3 Qf8 29. Rc1 Qe8 30. Bf3 Bh6 31. Rc3 Qd7 32. Qc2 Ba4 33. b3 Bb5 34.
Be2 Bxe2 35. Qxe2 Bf4 36. Qf3 h5 37. Rc4 Kh7 38. Kg2 Ng4 39. Qc3 Qd8 40. Rc7
Nh6 41. Qc4 Kg7 42. Rc8 Qxh4 43. Qb4 Qg4+ 44. Kf1 Qd1+ 45. Kg2 Kf6 46. Rc6+ Kg5
47. Qe7+ Kg4 48. Rc3 Qe2 49. Rh3 Nxf5 50. exf5 Kxf5 51. Qxf7+ Ke4 52. Qg6+ Kd4
53. Rxh5 Qxa2 54. Qd6+ Kc3 55. Rh3+ Kb2 56. Qd3 Qb1 57. Qc3+ Ka2 58. Qc4 Qg6+
59. Kf1 Qb1+ 60. Ke2 Qb2+ 61. Kf1 Qb1+ 62. Kg2 Qg6+ 63. Kf3 Kb2 64. b4 Qg1 65.
Ke2 Qg4+ 66. Rf3 Kb1 67. Qb3+ Kc1 68. Kf1 Bd2 69. Qa3+ Kd1 70. Qa4+ Kc1 71.
Qa1+ Kc2 72. Qa2+ Kc1 73. Rg3 Qe4 74. Rg1 Bxb4 75. Qb3 Kd2 76. Qb2+ Kd1 77.
Qb3+ Kd2 78. Qb2+ Kd1 1/2-1/2

[Event "Lichtenrader Herbst"]
[Site "Berlin"]
[Date "2018.11.02"]
[Round "7.10"]
[White "Polatel, Ali"]
[Black "Llopis de Aysa, Manuel"]
[Result "1-0"]
[WhiteElo "2214"]
[BlackElo "2092"]
[PlyCount "103"]
[EventDate "2018.??.??"]
[WhiteTeam "SC Zugzwang 95 e.V."]
[BlackTeam "C.E. Montcada"]

1. d4 g6 2. Nf3 Bg7 3. c4 d6 4. e4 e5 5. dxe5 dxe5 6. Qxd8+ Kxd8 7. Nc3 f6 8.
b3 Be6 9. Ba3 Nd7 10. O-O-O Nh6 11. Na4 Rc8 12. h3 Nf7 13. c5 c6 14. Nd2 b5 15.
cxb6 axb6 16. Nc4 Kc7 17. Rxd7+ Bxd7 18. Ncxb6 Rb8 19. Nxd7 Kxd7 20. Nc5+ Ke8
21. Ne6 Bh6+ 22. Kc2 Nd8 23. Nc7+ Kd7 24. Na6 Ra8 25. Bc4 Bf8 26. b4 Bd6 27.
Rd1 Ke7 28. Bb2 Ne6 29. a4 Nc7 30. Nxc7 Bxc7 31. a5 Rhd8 32. Ra1 Bd6 33. Bc3
Rdb8 34. Ra4 Kd7 35. Bd2 Be7 36. Kc3 f5 37. f3 fxe4 38. fxe4 Bh4 39. Be3 Be1+
40. Kb3 Kc7 41. Bc5 Kd7 42. a6 Bh4 43. a7 Rb7 44. Ba6 Rc7 45. Bb6 Be7 46. Ra1
Bd6 47. Kc4 Rcc8 48. Bxc8+ Kxc8 49. Rf1 Kb7 50. Bc5 Bxc5 51. Kxc5 Kxa7 52. Ra1+
1-0

[Event "Lichtenrader Herbst"]
[Site "Berlin"]
[Date "2018.11.02"]
[Round "7.11"]
[White "Haugli, Petter"]
[Black "Spors, Carl Philip"]
[Result "1/2-1/2"]
[WhiteElo "2238"]
[BlackElo "1868"]
[PlyCount "61"]
[EventDate "2018.??.??"]
[WhiteTeam "Moss Schakklub"]
[BlackTeam "SG Lasker Stegli"]

1. c4 Nf6 2. Nc3 g6 3. e4 d6 4. d4 Bg7 5. Be2 O-O 6. Bg5 c5 7. d5 h6 8. Be3 e6
9. Nf3 exd5 10. cxd5 b5 11. e5 Ng4 12. Nxb5 Nxe3 13. fxe3 dxe5 14. e4 Ba6 15.
Nc3 c4 16. Qd2 Qb6 17. Na4 Qc7 18. O-O Nd7 19. Rac1 Nb6 20. Qa5 Qd7 21. Qxa6
Nxa4 22. Rxc4 Nxb2 23. Rb4 Rab8 24. Bb5 Qg4 25. Rxb2 Qxe4 26. Qxa7 Qxd5 27. Bc4
Qxc4 28. Rxb8 e4 29. Rxf8+ Bxf8 30. Qa8 exf3 31. Qxf3 1/2-1/2

[Event "Lichtenrader Herbst"]
[Site "Berlin"]
[Date "2018.11.02"]
[Round "7.12"]
[White "Sulayev, Daniel"]
[Black "Stigar, Petter"]
[Result "1/2-1/2"]
[WhiteElo "2007"]
[BlackElo "2190"]
[PlyCount "57"]
[EventDate "2018.??.??"]
[WhiteTeam "SV Empor Berlin e.V."]
[BlackTeam "SK 96"]

1. Nf3 d5 2. g3 c6 3. Bg2 Bg4 4. d3 Nd7 5. h3 Bh5 6. O-O e6 7. Nc3 Bd6 8. Qe1
e5 9. e4 d4 10. Ne2 Ne7 11. g4 Bg6 12. Nh4 f6 13. Nf5 Nxf5 14. exf5 Bf7 15.
Nxd4 Qc7 16. a4 O-O-O 17. Ne2 g5 18. Ng3 h5 19. Ne4 hxg4 20. hxg4 Rh4 21. Qe2
Rdh8 22. Be3 Bd5 23. f3 Bxe4 24. fxe4 Bc5 25. Bxc5 Nxc5 26. b4 Nd7 27. a5 Qd6
28. c3 c5 29. b5 1/2-1/2

[Event "Lichtenrader Herbst"]
[Site "Berlin"]
[Date "2018.11.02"]
[Round "7.13"]
[White "Tscheuschner, Georg"]
[Black "Noetzel, Felix"]
[Result "1-0"]
[WhiteElo "2052"]
[BlackElo "2216"]
[PlyCount "65"]
[EventDate "2018.??.??"]
[WhiteTeam "SV Mattnetz Berlin e.V."]
[BlackTeam "SF Berlin 1903 e.V."]

1. c4 e5 2. g3 Nf6 3. Bg2 d5 4. cxd5 Nxd5 5. Nc3 Nb6 6. Nf3 Nc6 7. O-O Be7 8.
a3 O-O 9. b4 Be6 10. d3 a6 11. Bb2 f5 12. Rc1 Kh8 13. Na4 Nxa4 14. Qxa4 Bf6 15.
Rxc6 bxc6 16. Nxe5 Bd5 17. e4 Bg8 18. Qxc6 Qd6 19. Qc3 Rad8 20. exf5 Bxe5 21.
Qxe5 Qxe5 22. Bxe5 Rxd3 23. Rc1 Rf7 24. Be4 Rxa3 25. Rc6 Re7 26. f4 Rxe5 27.
fxe5 Re3 28. Bc2 Rxe5 29. Rxc7 Rb5 30. Bd3 Rxb4 31. Bxa6 h6 32. Rd7 Bc4 33. Bc8
1-0

[Event "Lichtenrader Herbst"]
[Site "Berlin"]
[Date "2018.11.02"]
[Round "7.14"]
[White "Pixa, Richard"]
[Black "Bekasovs, Rihards"]
[Result "0-1"]
[WhiteElo "2037"]
[BlackElo "2182"]
[PlyCount "96"]
[EventDate "2018.??.??"]
[WhiteTeam "SV Mattnetz Berlin e.V."]
[BlackTeam "Riga Chess School"]

1. e4 c6 2. d4 d5 3. exd5 cxd5 4. Bd3 Nc6 5. c3 g6 6. Nf3 Nf6 7. O-O Bg7 8. Bf4
O-O 9. Nbd2 a6 10. Qe2 Bf5 11. Rfe1 Bxd3 12. Qxd3 e6 13. h3 b5 14. b4 Qb6 15.
a4 Nd7 16. a5 Qb7 17. Nb3 Rfe8 18. Re3 f6 19. Rae1 Nd8 20. g4 g5 21. Bxg5 fxg5
22. Nxg5 Nf8 23. Nc5 Qc6 24. f4 h6 25. Nf3 Nb7 26. Nxb7 Qxb7 27. f5 Qc7 28. Kg2
Re7 29. fxe6 Rae8 30. Qf5 Qd6 31. Ne5 Bxe5 32. Rxe5 Rxe6 33. Rxd5 Qc6 34. Rxe6
Rxe6 35. Qf3 Qe8 36. Rc5 Ng6 37. Kf2 Kg7 38. g5 hxg5 39. Rxg5 Qb8 40. Kg2 Rf6
41. Qg4 Qb7+ 42. d5 Qa7 43. Qg3 Qe7 44. Qg4 Qe1 45. Qd4 Qe2+ 46. Kh1 Kf7 47.
Rg2 Rf1+ 48. Kh2 Qe1 0-1

[Event "Lichtenrader Herbst"]
[Site "Berlin"]
[Date "2018.11.02"]
[Round "7.15"]
[White "Juhnke, Juergen"]
[Black "Heuer, Thomas"]
[Result "1-0"]
[WhiteElo "2228"]
[BlackElo "2097"]
[PlyCount "81"]
[EventDate "2018.??.??"]
[WhiteTeam "HSK Lister Turm"]
[BlackTeam "BSC Rehberge 1945 e.V."]

1. e4 c5 2. Nf3 Nc6 3. d4 cxd4 4. Nxd4 g6 5. c4 Bg7 6. Be3 Nf6 7. Nc3 O-O 8.
Be2 d6 9. O-O Bd7 10. h3 Nxd4 11. Bxd4 Bc6 12. Qc2 a5 13. Rad1 Nd7 14. Bxg7
Kxg7 15. Bg4 Ne5 16. c5 Nxg4 17. hxg4 Qd7 18. f3 Rfd8 19. cxd6 exd6 20. Nd5
Bxd5 21. Qc3+ Kg8 22. Rxd5 Qa4 23. a3 Qc6 24. Qd4 Qc2 25. e5 Re8 26. exd6 Re2
27. Rf2 Rd8 28. Rxe2 Qxe2 29. Re5 Qa6 30. d7 Qc6 31. Rd5 Qe6 32. g5 b6 33. Kf2
Qc6 34. Kg3 Qc7+ 35. f4 Qc1 36. Qxb6 Qe1+ 37. Qf2 Qe6 38. Qd2 a4 39. Kh2 Qg4
40. Kg1 Qg3 41. Re5 1-0

[Event "Lichtenrader Herbst"]
[Site "Berlin"]
[Date "2018.11.02"]
[Round "7.16"]
[White "Maetzkow, Maximilian Paul"]
[Black "Pueschel, Werner"]
[Result "1-0"]
[WhiteElo "2193"]
[BlackElo "2056"]
[PlyCount "65"]
[EventDate "2018.??.??"]
[WhiteTeam "ESV 1949 Eberswalde e.V."]
[BlackTeam "SG Lasker Stegli"]

1. e4 g6 2. d4 d6 3. Nc3 Bg7 4. Be3 c6 5. Qd2 b5 6. f3 a6 7. Nge2 Nd7 8. g4 Nb6
9. Ng3 Qc7 10. Be2 e6 11. O-O-O Bb7 12. f4 b4 13. Nb1 a5 14. f5 Ne7 15. Rhf1
exf5 16. gxf5 f6 17. Rg1 O-O-O 18. Nh5 Rdg8 19. Nf4 Kb8 20. Ne6 Qd7 21. d5 c5
22. Qe1 Bf8 23. Qh4 g5 24. Qg3 Nec8 25. Nxc5 Qe8 26. Ne6 Nd7 27. Bb5 Qe7 28.
Nd2 Na7 29. Ba4 Ne5 30. Nb3 Nc4 31. Rd4 Nxe3 32. Qxe3 h5 33. Nxa5 1-0

[Event "Lichtenrader Herbst"]
[Site "Berlin"]
[Date "2018.11.02"]
[Round "7.17"]
[White "Boettcher, Patrick"]
[Black "Wierzbicki, Jirawat"]
[Result "1-0"]
[WhiteElo "2034"]
[BlackElo "2199"]
[PlyCount "93"]
[EventDate "2018.??.??"]
[WhiteTeam "SC Zitadelle Spandau 1977 e.V."]
[BlackTeam "SK König Tegel 1949 e.V."]

1. d4 d5 2. c4 dxc4 3. e3 e5 4. Bxc4 exd4 5. exd4 Bd6 6. Nf3 Nf6 7. O-O O-O 8.
h3 Nc6 9. Nc3 h6 10. Qc2 Ne7 11. Ne5 c6 12. Re1 Ned5 13. Qb3 Bc7 14. Bd2 Rb8
15. Rad1 Be6 16. Ne4 Nxe4 17. Rxe4 Qf6 18. Ng4 Qg6 19. Rde1 b5 20. Bd3 Qh5 21.
Be2 Qg6 22. Bd3 Nf4 23. Rxe6 Qxd3 24. Bxf4 Qxb3 25. axb3 fxe6 26. Bxc7 Rbc8 27.
Bd6 Rfe8 28. Ra1 Red8 29. Bc5 Rd7 30. Ne5 Rdc7 31. Ra6 Kh7 32. Kf1 g5 33. Ke2
Kg7 34. Kd3 Kf6 35. Bd6 Rb7 36. Ke4 h5 37. Bc5 Rbc7 38. f3 h4 39. Bxa7 Ra8 40.
Bb6 Rxa6 41. Bxc7 Ra2 42. Bd8+ Kg7 43. Nd3 Kh6 44. f4 gxf4 45. Bxh4 Kh5 46. Be7
Kg6 47. b4 1-0

[Event "Lichtenrader Herbst"]
[Site "Berlin"]
[Date "2018.11.02"]
[Round "7.18"]
[White "Niehaus, Frank"]
[Black "Bolk, Matthias"]
[Result "1/2-1/2"]
[WhiteElo "2195"]
[BlackElo "2080"]
[PlyCount "128"]
[EventDate "2018.??.??"]
[WhiteTeam "SK König Tegel 1949 e.V."]
[BlackTeam "SC Kreuzberg e.V."]

1. f4 g6 2. Nf3 Bg7 3. e3 c5 4. d4 cxd4 5. exd4 d5 6. Bd3 Bg4 7. c3 Nc6 8. O-O
e6 9. h3 Bxf3 10. Qxf3 Nge7 11. Be3 Qb6 12. Na3 a6 13. Rab1 Qc7 14. Bf2 h5 15.
Bh4 Nf5 16. Bxf5 gxf5 17. Nc2 Bf8 18. c4 Ne7 19. Ne3 dxc4 20. Rbc1 Qc6 21.
Qxc6+ bxc6 22. Nxc4 Bg7 23. Nd6+ Kf8 24. Bf2 Rd8 25. Nb7 Rb8 26. Na5 Rxb2 27.
Nxc6 Nd5 28. Rb1 Rxb1 29. Rxb1 Bf6 30. Nb4 Nxf4 31. Nxa6 Kg7 32. Nc7 Ne2+ 33.
Kf1 Nxd4 34. Rb7 Kg6 35. a4 Nc6 36. Bb6 Bc3 37. Nb5 Ba5 38. Bxa5 Nxa5 39. Ra7
Nc6 40. Rc7 Na5 41. Ra7 Nc4 42. Rc7 Nb2 43. a5 Ra8 44. Ra7 Rb8 45. Nd6 Nd3 46.
Nxf7 Rb2 47. Rd7 Nc5 48. Rc7 Nd3 49. a6 Rf2+ 50. Kg1 Ra2 51. a7 f4 52. Nd6 Ra1+
53. Kh2 Ra2 54. Kg1 Ra1+ 55. Kh2 h4 56. Nb5 Nf2 57. g3 hxg3+ 58. Kg2 Ne4 59.
Rc1 Ra2+ 60. Kf3 Kf5 61. Nd4+ Ke5 62. Nc6+ Kf5 63. Nd4+ Ke5 64. Nc6+ Kf5
1/2-1/2

[Event "Lichtenrader Herbst"]
[Site "Berlin"]
[Date "2018.11.02"]
[Round "7.19"]
[White "Feikes, Joerg"]
[Black "Kather, Yannick"]
[Result "1-0"]
[WhiteElo "1996"]
[BlackElo "2136"]
[PlyCount "45"]
[EventDate "2018.??.??"]
[WhiteTeam "BA Tempelhof (FV Schach)"]
[BlackTeam "SC Weisse Dame e.V."]

1. e4 c5 2. Nc3 Nc6 3. g3 g6 4. Bg2 Bg7 5. d3 d6 6. Be3 e5 7. f4 exf4 8. Bxf4
Nge7 9. Nf3 O-O 10. O-O a6 11. a4 Nd4 12. Nd2 Ne6 13. Be3 Rb8 14. a5 Bd7 15.
Nc4 Bb5 16. Nb6 Nc6 17. Ncd5 Ne5 18. Kh1 Nc7 19. Nxc7 Qxc7 20. g4 Bd7 21. g5
Be6 22. c3 Qd7 23. Nxd7 1-0

[Event "Lichtenrader Herbst"]
[Site "Berlin"]
[Date "2018.11.02"]
[Round "7.20"]
[White "Kornitzky, Tino"]
[Black "Jesse, Timo"]
[Result "1/2-1/2"]
[WhiteElo "2189"]
[BlackElo "2064"]
[PlyCount "176"]
[EventDate "2018.??.??"]
[WhiteTeam "FC Bayern München e.V."]
[BlackTeam "ESV 1949 Eberswalde e.V."]

1. d4 Nf6 2. c4 e5 3. dxe5 Ng4 4. Bf4 Nc6 5. Nf3 Bb4+ 6. Nbd2 Qe7 7. a3 Ngxe5
8. Nxe5 Bxd2+ 9. Qxd2 Nxe5 10. e3 d6 11. Be2 O-O 12. O-O b6 13. b4 Bb7 14. a4
a5 15. c5 dxc5 16. bxc5 Qxc5 17. Rfc1 Qe7 18. Qc3 f6 19. Qxc7 Qxc7 20. Rxc7 Ba6
21. Bxa6 Rxa6 22. Bxe5 fxe5 23. Rd1 Kh8 24. Rdd7 Rg8 25. Rb7 h6 26. Re7 Rc8 27.
g3 Rc4 28. Rxg7 Rxa4 29. Rh7+ Kg8 30. Rxh6 Rb4 31. Rc6 Ra8 32. Rcxb6 Rxb6 33.
Rxb6 a4 34. Rb2 Kf7 35. Kf1 Ke6 36. Ke2 e4 37. Kd2 a3 38. Ra2 Kf5 39. Kc3 Kg4
40. h4 Kf3 41. Kc4 Ra7 42. Kd5 Ra5+ 43. Kc6 Kg4 44. Kb6 Ra8 45. Kb5 Kf3 46. Kb4
Ra7 47. Kb3 Ra8 48. Rc2 Ra7 49. Ka2 Ra5 50. Rd2 Ra6 51. Kb3 Ra7 52. Rc2 Ra8 53.
Ra2 Ra7 54. Rd2 Ra8 55. Ka2 Ra5 56. Rc2 Ra7 57. Rc4 Kxf2 58. Rxe4 Kxg3 59. h5
Kf3 60. Re6 Kg4 61. h6 Kf5 62. Rb6 Kg5 63. Rc6 Re7 64. Rc3 Kxh6 65. Kxa3 Kg5
66. Kb3 Kg4 67. Kc2 Kf3 68. Kd2 Re5 69. Rd3 Re6 70. Rd8 Ra6 71. Rf8+ Ke4 72.
Rf4+ Ke5 73. Ke2 Ra1 74. Rh4 Rb1 75. Ra4 Rh1 76. Ra8 Ke4 77. Re8+ Kf5 78. Kf3
Rf1+ 79. Ke2 Rh1 80. Kd2 Ra1 81. e4+ Kf6 82. Ke3 Re1+ 83. Kd2 Ra1 84. Rf8+ Ke5
85. Re8+ Kf6 86. Ke2 Rb1 87. Ra8 Ke5 88. Ra4 Rb3 1/2-1/2

[Event "Lichtenrader Herbst"]
[Site "Berlin"]
[Date "2018.11.02"]
[Round "7.21"]
[White "Tham, Nam"]
[Black "Feil, Stephan"]
[Result "1/2-1/2"]
[WhiteElo "1983"]
[BlackElo "2082"]
[PlyCount "78"]
[EventDate "2018.??.??"]
[WhiteTeam "SC Weisse Dame e.V."]
[BlackTeam "SK 1962 Ladenburg"]

1. e4 c5 2. Nf3 g6 3. d4 cxd4 4. Nxd4 Nc6 5. Nc3 Bg7 6. Be3 Nf6 7. Be2 O-O 8.
O-O d5 9. Nxc6 bxc6 10. Bf3 e6 11. Bg5 Qb6 12. Qd2 Nd7 13. Bh6 Bxh6 14. Qxh6
Qxb2 15. Qd2 Qb8 16. Rfb1 Qc7 17. exd5 exd5 18. Qd4 Qe5 19. Qd2 Ba6 20. Re1 Qd6
21. Ne4 Qe7 22. Nc3 Qc5 23. Na4 Qd6 24. Rad1 Bc4 25. Qc3 Rfe8 26. h3 Rab8 27.
Nb2 Rxe1+ 28. Rxe1 Bxa2 29. Ra1 Bc4 30. Nxc4 dxc4 31. Rd1 Qf6 32. Qxf6 Nxf6 33.
Bxc6 Rb2 34. Rd6 Kg7 35. Ba4 Ne4 36. Rd4 Rb4 37. Be8 Nf6 38. Bc6 a5 39. c3 Rb1+
1/2-1/2

[Event "Lichtenrader Herbst"]
[Site "Berlin"]
[Date "2018.11.02"]
[Round "7.22"]
[White "Schnabel, Bennett"]
[Black "Verbitsky, Jaroslaw"]
[Result "1-0"]
[WhiteElo "2146"]
[BlackElo "1934"]
[PlyCount "45"]
[EventDate "2018.??.??"]
[WhiteTeam "SV Mattnetz Berlin e.V."]
[BlackTeam "SV Mattnetz Berlin e.V."]

1. e4 c6 2. Nc3 d5 3. Qe2 dxe4 4. Nxe4 Bf5 5. d3 e6 6. g4 Bxe4 7. dxe4 Qb6 8.
c3 Nd7 9. Be3 Qc7 10. Nf3 Bd6 11. g5 h6 12. g6 Ne5 13. Nxe5 Bxe5 14. Bh3 fxg6
15. Bxe6 Rd8 16. Qg4 g5 17. Qh5+ Kf8 18. Bc5+ Bd6 19. O-O-O Nf6 20. Qg6 Nxe4
21. Qxe4 Bxc5 22. Qf5+ Qf7 23. Qxf7# 1-0

[Event "Lichtenrader Herbst"]
[Site "Berlin"]
[Date "2018.11.02"]
[Round "7.23"]
[White "Rettore, Ludwig"]
[Black "Wiegand, Christian"]
[Result "1-0"]
[WhiteElo "2076"]
[BlackElo "1930"]
[PlyCount "83"]
[EventDate "2018.??.??"]
[WhiteTeam "Il Castalletto"]
[BlackTeam "SK Duderstadt"]

1. Nf3 c5 2. e4 e6 3. d4 cxd4 4. Nxd4 Nc6 5. Nc3 Qc7 6. Be2 a6 7. O-O Bb4 8.
Nxc6 bxc6 9. Qd4 Bd6 10. f4 e5 11. Qc4 Nf6 12. f5 a5 13. Qd3 Ba6 14. Qf3 Bxe2
15. Qxe2 Qb6+ 16. Kh1 Qa6 17. Qf3 h6 18. Be3 Qc4 19. a3 Rb8 20. Rab1 Ke7 21.
Ba7 Rb7 22. Bg1 Rhb8 23. b3 Qa6 24. Na4 Qa8 25. Rbd1 Rb5 26. Qg3 Bc7 27. Qxg7
d6 28. Qg3 Rg8 29. Qf3 h5 30. Nc3 Rbb8 31. h3 Rg7 32. Bf2 Rbg8 33. Bh4 Rh8 34.
Qf2 Rh6 35. Qf3 Rhh7 36. Qf2 Rh6 37. Rd3 Qg8 38. Rfd1 Qb8 39. Qd2 Rhh7 40. Qe1
Rh6 41. Qd2 Rhh7 42. b4 1-0

[Event "Lichtenrader Herbst"]
[Site "Berlin"]
[Date "2018.11.02"]
[Round "7.24"]
[White "Milare, Tyron"]
[Black "Lopez Gomez, Jose Pablo"]
[Result "0-1"]
[WhiteElo "1985"]
[BlackElo "2066"]
[PlyCount "82"]
[EventDate "2018.??.??"]
[WhiteTeam "Potsdamer SV Mitte e.V."]
[BlackTeam "Potsdamer SV Mitte"]

1. d4 Nf6 2. Nf3 g6 3. c4 Bg7 4. Nc3 O-O 5. e4 d6 6. h3 e5 7. d5 a5 8. Bd3 Na6
9. O-O Kh8 10. Bg5 Qe8 11. a4 Nd7 12. g4 Ndc5 13. Bb1 f5 14. Nh2 fxg4 15. hxg4
Bd7 16. Kg2 Qf7 17. f3 Bf6 18. Be3 Qe7 19. Ra3 Bg5 20. Qd2 Bxe3 21. Qxe3 Nb4
22. Rh1 Rf7 23. b3 Raf8 24. Ne2 Qh4 25. Ng3 Qf6 26. Ne2 Qh4 27. Ng3 Qf6 28. Ne2
Rg7 29. Nf1 Kg8 30. Nfg3 Rgf7 31. Rf1 b6 32. Ra1 Qh4 33. Rh1 Qe7 34. Rf1 Qf6
35. Ra3 Qe7 36. Ra1 Rf6 37. g5 Rf4 38. Nxf4 exf4 39. Qf2 Qxg5 40. Rd1 Qe5 41.
Ra3 fxg3 0-1

[Event "Lichtenrader Herbst"]
[Site "Berlin"]
[Date "2018.11.02"]
[Round "7.25"]
[White "Kuechler, Felix"]
[Black "Hesse, Henrik"]
[Result "0-1"]
[WhiteElo "1781"]
[BlackElo "2272"]
[PlyCount "52"]
[EventDate "2018.??.??"]
[WhiteTeam "SV SF Friedrichshagen"]
[BlackTeam "SV Mattnetz Berlin e.V."]

1. e4 c5 2. Nc3 e6 3. f4 Nc6 4. Nf3 d5 5. Bb5 d4 6. Bxc6+ bxc6 7. Ne2 d3 8.
cxd3 Qxd3 9. Nc3 f6 10. Qa4 Ne7 11. e5 f5 12. Kf2 Bd7 13. Qa3 c4 14. Qa5 Nd5
15. Re1 Bb4 16. Qa6 Nxf4 17. Na4 O-O 18. Re3 Qd4 19. Nc3 Nd3+ 20. Kf1 Qc5 21.
a3 Bxc3 22. dxc3 Nxc1 23. Nd4 f4 24. Re4 Qd5 25. Re1 Nd3 26. Re2 f3 0-1